| 000 | 00798cam a2200241 a 4500 | ||
|---|---|---|---|
| 020 | _a0787940615 (hardcover : alk. paper) | ||
| 040 | _cDLC | ||
| 082 | 0 | 0 | _a379 JOS 1998 A074 Or. |
| 100 | 1 | _aSarason, Seymour Bernard, | |
| 245 | 1 | 0 | _aPolitical leadership and educational failure / |
| 250 | _a1st ed. | ||
| 260 |
_aSan Francisco, Calif. : _bJossey-Bass Publishers, _cc1998. |
||
| 300 |
_axxi, 158 p. ; _c25 cm. |
||
| 650 | 0 | _aEducation | |
| 650 | 0 | _aPolitical leadership | |
| 650 | 0 | _aEducation and state | |
| 650 | 0 | _aEducational change | |
| 650 | 0 | _aEducation | |
| 856 | 4 | 2 | _uhttp://www.loc.gov/catdir/bios/wiley043/97038547.html |
| 856 | 4 | 2 | _uhttp://www.loc.gov/catdir/description/wiley035/97038547.html |
| 856 | 4 | _uhttp://www.loc.gov/catdir/toc/onix07/97038547.html | |
| 942 | _cEK | ||
| 999 |
_c15161 _d15161 |
||